[Event "La Fere op 6th"]
[Site "La Fere"]
[Date "2007.07.13"]
[Round "9"]
[White "Hutin, Evgueny"]
[Black "Rachenne, Romain"]
[Result "1-0"]
[WhiteElo "1910"]
[BlackElo "1764"]
[PlyCount "49"]
[EventDate "2007.07.07"]
[EventType "swiss"]
[EventRounds "9"]
[EventCountry "FRA"]
[SourceTitle "CBM 119 Extra"]
[Source "ChessBase"]
[SourceDate "2007.09.04"]
[SourceVersion "1"]
[SourceVersionDate "2007.09.04"]
[SourceQuality "1"]

1. d4 d5 2. Nf3 Nc6 3. e3 Bg4 4. c4 e6 5. Nc3 Nf6 6. Bd3 Nb4 7. Bb1 dxc4 8. 0-0 Nd3 9. Qa4+ Qd7 10. Qxc4 Nxc1 11. Ne5 Qd8 12. Rxc1 Bd6 13. Qb5+ Kf8 14. Qxb7 h5 15. Nc6 Qe8 16. Nb5 h4 17. h3 Nd5 18. hxg4 h3 19. Nxd6 cxd6 20. Be4 h2+ 21. Kh1 Nf6 22. Bf3 e5 23. dxe5 dxe5 24. Qb4+ Kg8 25. Ne7+ 1-0